Normal view
MARC view
- Wells, Martin John.
Entry Personal Name
001 - CONTROL NUMBER
- control field: 5491
003 - CONTROL NUMBER IDENTIFIER
- control field: NUST
005 - DATE AND TIME OF LATEST TRANSACTION
- control field: 20171017113402.0
008 - FIXED-LENGTH DATA ELEMENTS
- fixed length control field: 171017|| aca||aabn | a|a d
040 ## - CATALOGING SOURCE
- Original cataloging agency: NUST
- Transcribing agency: NUST
100 ## - HEADING--PERSONAL NAME
- Personal name: Wells, Martin John.
670 ## - SOURCE DATA FOUND
- Source citation: Work cat.: (NUST)0: Wells, Martin John., Civilization and the limpet /, 1998.
